Regles de taux d'intéret en changes flexibles et en présence de chocs permanents.

Štúdia hlavných zásad regulácie obchodných sadzieb v súčasných podmienkach ekonomických otrasov. Hľadanie ciest a spôsobov stability výroby a trhovej rovnováhy. Modely analyzujúce dynamiku obchodných sadzieb a stabilitu menovej politiky v otvorenej ekonomike. Základné pravidlá regulácie cien a nomin...

Full description

Saved in:
Bibliographic Details
Main Author: Villa, P.
Format: Book Chapter
Language:French
Subjects:
Tags: Add Tag
No Tags, Be the first to tag this record!

MARC

LEADER 00000naa a2200000 4500
001 r005970
005 20221125091724.5
041 0 |a fre 
044 |a FR 
245 1 0 |a Regles de taux d'intéret en changes flexibles et en présence de chocs permanents.  |c P. Villa 
520 |a Štúdia hlavných zásad regulácie obchodných sadzieb v súčasných podmienkach ekonomických otrasov. Hľadanie ciest a spôsobov stability výroby a trhovej rovnováhy. Modely analyzujúce dynamiku obchodných sadzieb a stabilitu menovej politiky v otvorenej ekonomike. Základné pravidlá regulácie cien a nominálnych obchodných sadzieb. 
610 2 0 |a sadzby úrokové 
610 2 0 |a rovnováha trhová 
610 2 0 |a modely ekonomické 
610 2 0 |a politika menová 
610 2 0 |a regulácia cenová 
100 1 |a Villa, P.